La lucha por la paz (Record no. 133331)

MARC details
000 -LEADER
campo de control de longitud fija 00599nam a2200193 i 4500
001 - NÚMERO DE CONTROL
campo de control 133331
003 - IDENTIFICADOR DE NÚMERO DE CONTROL
campo de control ES-MaACL
005 - FECHA Y HORA DE LA ÚLTIMA TRANSACCIÓN
campo de control 20250824063043.0
007 - CAMPO FIJO DE DESCRIPCIÓN FÍSICA--INFORMACIÓN GENERAL
campo de control de longitud fija t|
008 - DATOS DE LONGITUD FIJA--INFORMACIÓN GENERAL
campo de control de longitud fija 070214s1955 sp |||| | spa d
100 1# - ENTRADA PRINCIPAL--NOMBRE DE PERSONA
Nombre de persona Rubió i Tuduri, Marià,
Fechas asociadas al nombre 1896-1962
9 (RLIN) 100450
245 13 - MENCIÓN DEL TÍTULO
Título La lucha por la paz
Resto del título : (guerra fría o guerra total) /
Mención de responsabilidad, etc. Mariano Rubió y Tudurí.
260 ## - PUBLICACIÓN, DISTRIBUCIÓN, ETC.
Lugar de publicación, distribución, etc. Barcelona :
Nombre del editor, distribuidor, etc. Bosch,
Fecha de publicación, distribución, etc. 1955.
300 ## - DESCRIPCIÓN FÍSICA
Extensión 128 p. ;
Dimensiones 21 cm.
650 04 - PUNTO DE ACCESO ADICIONAL DE MATERIA--TÉRMINO DE MATERIA
Término de materia o nombre geográfico como elemento de entrada Guerra fría.
9 (RLIN) 13206
650 #4 - PUNTO DE ACCESO ADICIONAL DE MATERIA--TÉRMINO DE MATERIA
Término de materia o nombre geográfico como elemento de entrada Política mundial-
Subdivisión cronológica 1945-1955.
9 (RLIN) 16302
852 ## - LOCALIZACIÓN
Ubicación ES-MaACL
Número de control de estantería C-10394
Holdings
Estatus retirado Estado de pérdida Estado de daño No para préstamo Biblioteca de origen Biblioteca actual Ubicación en estantería Fecha de adquisición Fuente de adquisición Total de préstamos Signatura topográfica completa Código de barras Visto por última vez Precio de reemplazo Tipo de ítem Koha
        Biblioteca del Ateneo de Madrid Biblioteca del Ateneo de Madrid Sala Palomar 17/01/2008     C-10394 1138802 23/02/2023 23/02/2023 Libro impreso